<?xml version="1.0" encoding="UTF-8"?><?xml-stylesheet type="text/xsl" href="static/style.xsl"?><OAI-PMH xmlns="http://www.openarchives.org/OAI/2.0/" xmlns:xsi="http://www.w3.org/2001/XMLSchema-instance" xsi:schemaLocation="http://www.openarchives.org/OAI/2.0/ http://www.openarchives.org/OAI/2.0/OAI-PMH.xsd"><responseDate>2026-04-14T04:29:09Z</responseDate><request verb="GetRecord" identifier="oai:www.recercat.cat:2117/107001" metadataPrefix="marc">https://recercat.cat/oai/request</request><GetRecord><record><header><identifier>oai:recercat.cat:2117/107001</identifier><datestamp>2025-07-17T16:36:27Z</datestamp><setSpec>com_2072_1033</setSpec><setSpec>col_2072_452951</setSpec></header><metadata><record xmlns="http://www.loc.gov/MARC21/slim" xmlns:dcterms="http://purl.org/dc/terms/" xmlns:xsi="http://www.w3.org/2001/XMLSchema-instance" xmlns:doc="http://www.lyncode.com/xoai" xsi:schemaLocation="http://www.loc.gov/MARC21/slim http://www.loc.gov/standards/marcxml/schema/MARC21slim.xsd">
   <leader>00925njm 22002777a 4500</leader>
   <datafield ind2=" " ind1=" " tag="042">
      <subfield code="a">dc</subfield>
   </datafield>
   <datafield ind2=" " ind1=" " tag="720">
      <subfield code="a">Nicolás Álvarez, Jorge</subfield>
      <subfield code="e">author</subfield>
   </datafield>
   <datafield ind2=" " ind1=" " tag="260">
      <subfield code="c">2016-07-28</subfield>
   </datafield>
   <datafield ind2=" " ind1=" " tag="520">
      <subfield code="a">The viability of developing the design and manufacture of the structure of a small satellite CubeSat, at the School of Telecommunications and Aerospace Engineering of Castelldefels( EETAC), at the Polytechnical University of Catalonia (UPC), is analyzed. The design and detailed simulations of the most relevant mechanical tests have been performed by using the software SolidWorks. A honeycomb pattern monocoque structural design -called Hexagon- is proposed for a single unit CubeSat primary structure. Additionaly, Hexagon's mechanical behaviour is compared to that of the operational CubeSat structure Pumpkin. A preliminary viability study is developed, based on the results of structure simulations and theoretical studies. The resulting structure meets the corresponding CubeSat design requirements, both at the Qualification and at the Acceptance testing levels. Therefore Hexagon can be considered a viable design of a CubeSat's primary structure. After a process of research of manufacture techniques and appropriate materials, we propose to use laser sintering 3D-printing, and justify its convenience versus the use of traditional construction technologies. We suggest the material to use is a polyamide based (PA11) carbon fiber reinforced composite (PA11CF), provided by ADVANC3D Materials. We describe the construction and testing procedure and justify that the entire process can be completed by EETAC students, using equipment available to them. Finally, we propose the lines of future work to test PA11CF and, eventually, build and test the entire CubeSat structure.</subfield>
   </datafield>
   <datafield tag="653" ind2=" " ind1=" ">
      <subfield code="a">Àrees temàtiques de la UPC::Aeronàutica i espai</subfield>
   </datafield>
   <datafield tag="653" ind2=" " ind1=" ">
      <subfield code="a">Nanosatellites</subfield>
   </datafield>
   <datafield tag="653" ind2=" " ind1=" ">
      <subfield code="a">Picosatellite</subfield>
   </datafield>
   <datafield tag="653" ind2=" " ind1=" ">
      <subfield code="a">CubeSat</subfield>
   </datafield>
   <datafield tag="653" ind2=" " ind1=" ">
      <subfield code="a">Structure</subfield>
   </datafield>
   <datafield tag="653" ind2=" " ind1=" ">
      <subfield code="a">3D printing</subfield>
   </datafield>
   <datafield tag="653" ind2=" " ind1=" ">
      <subfield code="a">Composites</subfield>
   </datafield>
   <datafield tag="653" ind2=" " ind1=" ">
      <subfield code="a">Impressores (Ordinadors) -- Innovacions tecnològiques</subfield>
   </datafield>
   <datafield ind2="0" ind1="0" tag="245">
      <subfield code="a">Design and construction of a picosatellite’s primary structure by using 3D printing technologies</subfield>
   </datafield>
</record></metadata></record></GetRecord></OAI-PMH>